| 000 | 00362nam a2200145Ia 4500 | ||
|---|---|---|---|
| 008 | 210210b2001 xxu||||| |||| 00| 0 eng d | ||
| 020 | _a81 7214 521 7 | ||
| 082 | _a291 TIRM | ||
| 100 | _aTIRKEY (Christopher Augustus Bixel). | ||
| 245 | _aMajor religions of india. | ||
| 260 |
_aDelhi _bISPCK _c2001 |
||
| 300 | _a582 | ||
| 690 | _aReligion | ||
| 906 | _a059132 | ||
| 999 |
_c106431 _d106431 |
||